| 000 | 00637cam a22001932 4500 | ||
|---|---|---|---|
| 001 | 0000001575 | ||
| 005 | 20170406113537.0 | ||
| 008 | 140117s xx 000 0 eng d | ||
| 020 |
_a9781581128512 : _c$ |
||
| 040 |
_aYour Holding Symbol _cYour Holding Symbol |
||
| 100 | 1 | _aMuyebe,O.P,Stanslaus. | |
| 245 | 1 | 4 |
_aThe religious factor within the body of political symbolism in Malawi,1964-1994 : _ba bibliographical essay. |
| 250 | _a ed. | ||
| 260 |
_aFlorida : _bUniversal publishers, _c1999. |
||
| 300 |
_a252 p. ; _c cm. |
||
| 650 | 0 | _amalawi history. | |
| 908 | _a140117 | ||
| 999 |
_c1487 _d1487 |
||